Представление документа в формате RUSMARC

ПолеНазваниеЗначение
  Тип записи a
  Библиографический уровень a
001 Контрольный номер UONB/MAIN/7adc41f57fbd4bb28c4ef2d0f4772607
005 Дата корректировки 20260326180014.3
100 Данные общей обработки __
a Данные общей обработки 20260325 ||| 0rusy0189 ca
101 Язык документа 0_
a Язык текста rus
102 Страна публикации __
a Страна публикации RU
200 Заглавие и сведения об ответственности 1_
a Заглавие Наш современник Салтыков-Щедрин
f Первые сведения об ответственности О. Сорокина
e Сведения, относящиеся к заглавию к 200-летию со дня рождения писателя
203 Вид содержания и тип средства __
a Вид содержания Текст
c Тип средства непосредственный
215 Физическое описание __
c Иллюстрации/тип воспроизводства ил., фот.
225 Серия 1_
a Серия Культура
330 Аннотация __
a Аннотация В статье рассмотрена общественно-политическая работа писателя М. Е. Салтыкова-Щедрина, проанализированы некоторые его статьи и очерки.
461 Уровень набора _0
1 2000
a Москва
1 011
a 0131-2332
463 Уровень физической единицы _0
1 2000
a № 2
v С. 196-204
1 2101
d 2026
1 001UONB/MAIN/6e50f35d945c4039a2380f28b38a9ca7
600 Персоналии _1
a Персоналии (Фамилия) Салтыков-Щедрин
b Персоналии (Имя, инициалы) М. Е.
c Дополнение к имени писатель
g Полное имя Михаил Евграфович
f Даты 1826-1889
606 Тематические рубрики 0_
a Основная рубрика Литературоведение
606 Тематические рубрики 0_
a Основная рубрика Современная русская литература
610 Ключевые слова 0_
a Ключевые слова творчество русских писателей
610 Ключевые слова 0_
a Ключевые слова нравственность в литературе
610 Ключевые слова 0_
a Ключевые слова социально-нравственные вопросы
610 Ключевые слова 0_
a Ключевые слова гражданско-правовые вопросы
610 Ключевые слова 0_
a Ключевые слова литературно-критические статьи
686 Индексы других классификаций __
2 Код системы rubbk
700 Автор _1
a Фамилия Сорокина
b Имя (инициалы) О.
g Полное личное имя Ольга
4 Код отношения 070
801 Источник записи _0
a Страна RU
b Организация Ульяновская ОНБ
c Дата составления 20260325
g Правила каталогизации RCR
801 Источник записи _1
a Страна RU
b Организация Ульяновская ОНБ
c Дата составления 20260325
g Правила каталогизации RCR
901 Тип документа __
t Тип документа b
w Контрольный № источника UONB/MAIN/6e50f35d945c4039a2380f28b38a9ca7